<?xml version="1.0" encoding="UTF-8"?>
<record
    xmlns:xsi="http://www.w3.org/2001/XMLSchema-instance"
    xsi:schemaLocation="http://www.loc.gov/MARC21/slim http://www.loc.gov/standards/marcxml/schema/MARC21slim.xsd"
    xmlns="http://www.loc.gov/MARC21/slim">

  <leader>00605nam a22001337a 4500</leader>
  <datafield tag="040" ind1=" " ind2=" ">
    <subfield code="c">RUA</subfield>
  </datafield>
  <datafield tag="082" ind1=" " ind2=" ">
    <subfield code="a">AVM YOR 2013 B106 Or.1</subfield>
  </datafield>
  <datafield tag="100" ind1=" " ind2=" ">
    <subfield code="a">YORT, SOPHEN.</subfield>
  </datafield>
  <datafield tag="245" ind1=" " ind2=" ">
    <subfield code="a">studying on lameness disease in pony in srey sontur district, kampongcham province (&#x1780;&#x17B6;&#x179A;&#x179F;&#x17B7;&#x1780;&#x17D2;&#x179F;&#x17B6;&#x1796;&#x17B8;&#x1787;&#x17C6;&#x1784;&#x17BA; lameness &#x1793;&#x17C5;&#x179B;&#x17BE;&#x179F;&#x17C1;&#x17C7;&#x1793;&#x17C5;&#x179F;&#x17D2;&#x179A;&#x17BB;&#x1780;&#x179F;&#x17D2;&#x179A;&#x17B8;&#x179F;&#x1793;&#x17D2;&#x1792;&#x179A; &#x1781;&#x17C1;&#x178F;&#x17D2;&#x178F;&#x1780;&#x17C6;&#x1796;&#x1784;&#x17CB;&#x1785;&#x17B6;&#x1798;)</subfield>
  </datafield>
  <datafield tag="260" ind1=" " ind2=" ">
    <subfield code="a">Phnom Penh</subfield>
    <subfield code="b">RUA</subfield>
    <subfield code="c">2013</subfield>
  </datafield>
  <datafield tag="300" ind1=" " ind2=" ">
    <subfield code="a">xiii, 64p.</subfield>
    <subfield code="b">ill.</subfield>
    <subfield code="c">29cm.</subfield>
  </datafield>
  <datafield tag="856" ind1=" " ind2=" ">
    <subfield code="u">https://drive.google.com/file/d/1lMhYdQp8801X9Zbx8Iev7B73xBGoE2eX/view?usp=sharing</subfield>
  </datafield>
  <datafield tag="942" ind1=" " ind2=" ">
    <subfield code="c">AVM</subfield>
  </datafield>
  <datafield tag="999" ind1=" " ind2=" ">
    <subfield code="c">2634</subfield>
    <subfield code="d">2634</subfield>
  </datafield>
  <datafield tag="952" ind1=" " ind2=" ">
    <subfield code="0">0</subfield>
    <subfield code="1">0</subfield>
    <subfield code="2">ddc</subfield>
    <subfield code="4">0</subfield>
    <subfield code="6">AVM_YOR_2013_000000000000000_B106_OR_1</subfield>
    <subfield code="7">0</subfield>
    <subfield code="9">12303</subfield>
    <subfield code="a">LBB</subfield>
    <subfield code="b">LBB</subfield>
    <subfield code="c">B106</subfield>
    <subfield code="d">2015-10-24</subfield>
    <subfield code="o">AVM YOR 2013 B106 Or.1</subfield>
    <subfield code="p">RUA016497</subfield>
    <subfield code="r">2015-10-24</subfield>
    <subfield code="w">2015-10-24</subfield>
    <subfield code="y">AVM</subfield>
  </datafield>
  <datafield tag="952" ind1=" " ind2=" ">
    <subfield code="0">0</subfield>
    <subfield code="1">0</subfield>
    <subfield code="2">ddc</subfield>
    <subfield code="4">0</subfield>
    <subfield code="6">AVM_YOR_2013_000000000000000_B106_OR_2</subfield>
    <subfield code="7">0</subfield>
    <subfield code="9">12304</subfield>
    <subfield code="a">LBB</subfield>
    <subfield code="b">LBB</subfield>
    <subfield code="c">B106</subfield>
    <subfield code="d">2015-10-24</subfield>
    <subfield code="o">AVM YOR 2013 B106 Or.2</subfield>
    <subfield code="p">RUA016496</subfield>
    <subfield code="r">2015-10-24</subfield>
    <subfield code="w">2015-10-24</subfield>
    <subfield code="y">AVM</subfield>
  </datafield>
  <datafield tag="952" ind1=" " ind2=" ">
    <subfield code="0">0</subfield>
    <subfield code="1">0</subfield>
    <subfield code="2">ddc</subfield>
    <subfield code="4">0</subfield>
    <subfield code="6">AVM_YOR_2013_000000000000000_B106_OR_3</subfield>
    <subfield code="7">0</subfield>
    <subfield code="9">12305</subfield>
    <subfield code="a">LBB</subfield>
    <subfield code="b">LBB</subfield>
    <subfield code="c">B106</subfield>
    <subfield code="d">2015-10-24</subfield>
    <subfield code="o">AVM YOR 2013 B106 Or.3</subfield>
    <subfield code="p">RUA016495</subfield>
    <subfield code="r">2015-10-24</subfield>
    <subfield code="w">2015-10-24</subfield>
    <subfield code="y">AVM</subfield>
  </datafield>
  <datafield tag="952" ind1=" " ind2=" ">
    <subfield code="0">0</subfield>
    <subfield code="1">0</subfield>
    <subfield code="2">ddc</subfield>
    <subfield code="4">0</subfield>
    <subfield code="6">AVM_YOR_2013_000000000000000_B106_OR_4</subfield>
    <subfield code="7">0</subfield>
    <subfield code="9">12306</subfield>
    <subfield code="a">LBB</subfield>
    <subfield code="b">LBB</subfield>
    <subfield code="c">B106</subfield>
    <subfield code="d">2015-10-24</subfield>
    <subfield code="o">AVM YOR 2013 B106 Or.4</subfield>
    <subfield code="p">RUA016358</subfield>
    <subfield code="r">2015-10-24</subfield>
    <subfield code="w">2015-10-24</subfield>
    <subfield code="y">AVM</subfield>
  </datafield>
  <datafield tag="952" ind1=" " ind2=" ">
    <subfield code="0">0</subfield>
    <subfield code="1">0</subfield>
    <subfield code="2">ddc</subfield>
    <subfield code="4">0</subfield>
    <subfield code="6">AVM_YOR_2013_000000000000000_B106_OR_5</subfield>
    <subfield code="7">0</subfield>
    <subfield code="9">12307</subfield>
    <subfield code="a">LBB</subfield>
    <subfield code="b">LBB</subfield>
    <subfield code="c">B106</subfield>
    <subfield code="d">2015-10-24</subfield>
    <subfield code="l">1</subfield>
    <subfield code="o">AVM YOR 2013 B106 Or.5</subfield>
    <subfield code="p">RUA016357</subfield>
    <subfield code="r">2016-07-06</subfield>
    <subfield code="s">2016-06-21</subfield>
    <subfield code="w">2015-10-24</subfield>
    <subfield code="y">AVM</subfield>
  </datafield>
  <datafield tag="952" ind1=" " ind2=" ">
    <subfield code="0">0</subfield>
    <subfield code="1">0</subfield>
    <subfield code="2">ddc</subfield>
    <subfield code="4">0</subfield>
    <subfield code="6">AVM_YOR_2013_000000000000000_B106_OR_6</subfield>
    <subfield code="7">0</subfield>
    <subfield code="9">12308</subfield>
    <subfield code="a">LBB</subfield>
    <subfield code="b">LBB</subfield>
    <subfield code="c">B106</subfield>
    <subfield code="d">2015-10-24</subfield>
    <subfield code="o">AVM YOR 2013 B106 Or.6</subfield>
    <subfield code="p">RUA016364</subfield>
    <subfield code="r">2015-10-24</subfield>
    <subfield code="w">2015-10-24</subfield>
    <subfield code="y">AVM</subfield>
  </datafield>
  <datafield tag="952" ind1=" " ind2=" ">
    <subfield code="0">0</subfield>
    <subfield code="1">0</subfield>
    <subfield code="2">ddc</subfield>
    <subfield code="4">0</subfield>
    <subfield code="6">AVM_YOR_2013_000000000000000_B106_OR_7</subfield>
    <subfield code="7">0</subfield>
    <subfield code="9">12309</subfield>
    <subfield code="a">LBB</subfield>
    <subfield code="b">LBB</subfield>
    <subfield code="c">B106</subfield>
    <subfield code="d">2015-10-24</subfield>
    <subfield code="o">AVM YOR 2013 B106 Or.7</subfield>
    <subfield code="p">RUA016363</subfield>
    <subfield code="r">2015-10-24</subfield>
    <subfield code="w">2015-10-24</subfield>
    <subfield code="y">AVM</subfield>
  </datafield>
  <datafield tag="952" ind1=" " ind2=" ">
    <subfield code="0">0</subfield>
    <subfield code="1">0</subfield>
    <subfield code="2">ddc</subfield>
    <subfield code="4">0</subfield>
    <subfield code="6">AVM_YOR_2013_000000000000000_B1_238_OR_1</subfield>
    <subfield code="7">0</subfield>
    <subfield code="9">79192</subfield>
    <subfield code="a">LBB</subfield>
    <subfield code="b">LBB</subfield>
    <subfield code="c">B1.238</subfield>
    <subfield code="d">2019-06-29</subfield>
    <subfield code="o">AVM YOR 2013 B1.238 Or.1</subfield>
    <subfield code="p">A35754</subfield>
    <subfield code="r">2019-06-29</subfield>
    <subfield code="w">2019-06-29</subfield>
    <subfield code="y">AVM</subfield>
  </datafield>
  <datafield tag="952" ind1=" " ind2=" ">
    <subfield code="0">0</subfield>
    <subfield code="1">0</subfield>
    <subfield code="2">ddc</subfield>
    <subfield code="4">0</subfield>
    <subfield code="6">AVM_YOR_2013_000000000000000_B1_238_OR_1</subfield>
    <subfield code="7">0</subfield>
    <subfield code="9">79230</subfield>
    <subfield code="a">LBB</subfield>
    <subfield code="b">LBB</subfield>
    <subfield code="c">B1.238</subfield>
    <subfield code="d">2019-06-29</subfield>
    <subfield code="o">AVM YOR 2013 B1.238 Or.1</subfield>
    <subfield code="p">A36420</subfield>
    <subfield code="r">2019-06-29</subfield>
    <subfield code="w">2019-06-29</subfield>
    <subfield code="y">AVM</subfield>
  </datafield>
</record>
